[Event "Team Championship (men blitz)"]
[Site "Sochi"]
[Date "2017.10.05"]
[Round "9.3"]
[White "Riazantsev, Alexander"]
[Black "Vastrukhin, Oleg"]
[Result "1-0"]
[LiveChessVersion "1.4.8"]
[BlackElo "2424"]
[WhiteElo "2670"]

1. d4 {[%clk 0:03:04]} g6 {[%clk 0:03:03]} 2. c4 {[%clk 0:03:05]} Bg7
{[%clk 0:03:05]} 3. e4 {[%clk 0:03:07]} d6 {[%clk 0:03:04]} 4. Nc3
{[%clk 0:03:08]} Nc6 {[%clk 0:03:01]} 5. Be3 {[%clk 0:03:08]} e5 {[%clk 0:03:01]}
6. d5 {[%clk 0:03:10]} Nd4 {[%clk 0:03:01]} 7. Nge2 {[%clk 0:03:11]} Nxe2
{[%clk 0:02:58]} 8. Bxe2 {[%clk 0:03:12]} Ne7 {[%clk 0:02:41]} 9. Qd2
{[%clk 0:02:53]} O-O {[%clk 0:02:29]} 10. O-O-O {[%clk 0:02:49]} f5
{[%clk 0:02:30]} 11. f3 {[%clk 0:02:51]} a6 {[%clk 0:02:18]} 12. Kb1
{[%clk 0:02:48]} Bd7 {[%clk 0:02:13]} 13. c5 {[%clk 0:02:40]} Nc8
{[%clk 0:01:43]} 14. g4 {[%clk 0:01:56]} f4 {[%clk 0:01:35]} 15. Bf2
{[%clk 0:01:57]} dxc5 {[%clk 0:01:32]} 16. Bxc5 {[%clk 0:01:58]} Nd6
{[%clk 0:01:34]} 17. h4 {[%clk 0:01:58]} b6 {[%clk 0:01:32]} 18. Bf2
{[%clk 0:01:46]} b5 {[%clk 0:01:31]} 19. Rc1 {[%clk 0:01:33]} Qb8
{[%clk 0:01:14]} 20. g5 {[%clk 0:01:22]} a5 {[%clk 0:00:50]} 21. Bc5
{[%clk 0:01:21]} Rc8 {[%clk 0:00:42]} 22. h5 {[%clk 0:01:21]} Kf7
{[%clk 0:00:11]} 23. Nd1 {[%clk 0:01:22]} b4 {[%clk 0:00:08]} 24. Nf2
{[%clk 0:01:23]} Bb5 {[%clk 0:00:06]} 25. Ng4 {[%clk 0:01:16]} Bd7
{[%clk 0:00:05]} 26. h6 {[%clk 0:01:12]} Bh8 {[%clk 0:00:05]} 27. Nf2
{[%clk 0:01:14]} Qb7 {[%clk 0:00:04]} 28. Bf1 {[%clk 0:01:01]} Nb5
{[%clk 0:00:04]} 29. Ka1 {[%clk 0:00:56]} Nd4 {[%clk 0:00:04]} 30. Bxd4
{[%clk 0:00:54]} exd4 31. Nd3 a4 {[%clk 0:00:04]} 32. Qxf4+ {[%clk 0:00:57]} Ke7
{[%clk 0:00:04]} 33. Bh3 {[%clk 0:00:57]} Rf8 {[%clk 0:00:05]} 34. Qxc7
{[%clk 0:00:55]} Ra7 {[%clk 0:00:04]} 35. Qxb7 {[%clk 0:00:51]} Rxb7
{[%clk 0:00:05]} 36. Bxd7 {[%clk 0:00:51]} Rxd7 {[%clk 0:00:06]} 37. f4
{[%clk 0:00:52]} 1-0

[Event "Team Championship (men blitz)"]
[Site "Sochi"]
[Date "2017.10.05"]
[Round "9.4"]
[White "Gochelashvili, David"]
[Black "Rublevsky, Sergei"]
[Result "0-1"]
[LiveChessVersion "1.4.8"]
[BlackElo "2643"]
[WhiteElo "2440"]

1. e4 {[%clk 0:03:03]} c5 {[%clk 0:03:03]} 2. Nf3 {[%clk 0:03:05]} e6
{[%clk 0:03:04]} 3. c3 {[%clk 0:03:00]} Nf6 {[%clk 0:03:05]} 4. e5
{[%clk 0:03:01]} Nd5 {[%clk 0:03:06]} 5. d4 {[%clk 0:03:02]} cxd4
{[%clk 0:03:06]} 6. Qxd4 {[%clk 0:02:57]} Nc6 {[%clk 0:03:06]} 7. Qe4
{[%clk 0:02:59]} d6 {[%clk 0:03:07]} 8. Bb5 {[%clk 0:02:46]} Bd7 {[%clk 0:03:06]}
9. exd6 {[%clk 0:02:40]} Bxd6 {[%clk 0:03:05]} 10. O-O {[%clk 0:02:39]} a6
{[%clk 0:02:57]} 11. Bd3 {[%clk 0:02:31]} Nf6 {[%clk 0:02:48]} 12. Qe2
{[%clk 0:02:28]} O-O {[%clk 0:02:28]} 13. Nbd2 {[%clk 0:02:17]} h6
{[%clk 0:01:50]} 14. Rd1 {[%clk 0:02:13]} Qe7 {[%clk 0:01:46]} 15. Nc4
{[%clk 0:02:04]} Bc7 {[%clk 0:01:46]} 16. b3 {[%clk 0:01:49]} b5 {[%clk 0:01:26]}
17. Nce5 {[%clk 0:01:06]} Nxe5 {[%clk 0:01:20]} 18. Nxe5 {[%clk 0:01:07]} Rfd8
{[%clk 0:01:16]} 19. a4 {[%clk 0:00:48]} bxa4 {[%clk 0:01:09]} 20. Nxd7
{[%clk 0:00:47]} Rxd7 {[%clk 0:01:09]} 21. Rxa4 {[%clk 0:00:36]} Rad8
{[%clk 0:01:04]} 22. Bc2 {[%clk 0:00:36]} Rxd1+ {[%clk 0:01:04]} 23. Bxd1
{[%clk 0:00:38]} Qd6 {[%clk 0:01:05]} 24. Kf1 {[%clk 0:00:09]} Qxd1+
{[%clk 0:01:04]} 25. Qe1 {[%clk 0:00:10]} Qxb3 {[%clk 0:00:56]} 26. Rb4
{[%clk 0:00:10]} Qc2 {[%clk 0:00:53]} 27. Rb2 {[%clk 0:00:10]} Qd3+
{[%clk 0:00:54]} 28. Qe2 {[%clk 0:00:03]} Qd1+ {[%clk 0:00:47]} 29. Qe1
{[%clk 0:00:04]} Ne4 {[%clk 0:00:43]} 30. f3 {[%clk 0:00:03]} Nxc3
{[%clk 0:00:37]} 31. Rd2 {[%clk 0:00:00]} Rxd2 {[%clk 0:00:37]} 0-1

[Event "Team Championship (men blitz)"]
[Site "Sochi"]
[Date "2017.10.05"]
[Round "9.5"]
[White "Rakhmanov, Aleksandr"]
[Black "Dubov, Daniil"]
[Result "0-1"]
[LiveChessVersion "1.4.8"]
[BlackElo "2775"]
[WhiteElo "2600"]

1. d4 {[%clk 0:03:03]} d5 {[%clk 0:03:03]} 2. c4 {[%clk 0:03:04]} c6
{[%clk 0:03:04]} 3. cxd5 {[%clk 0:03:05]} cxd5 {[%clk 0:03:05]} 4. Bf4
{[%clk 0:03:06]} Nf6 {[%clk 0:03:01]} 5. e3 {[%clk 0:03:06]} e6 {[%clk 0:02:59]}
6. Nc3 {[%clk 0:03:06]} Bd6 {[%clk 0:02:59]} 7. Bg3 {[%clk 0:03:07]} O-O
{[%clk 0:02:58]} 8. Bd3 {[%clk 0:03:07]} a6 {[%clk 0:02:49]} 9. Rc1
{[%clk 0:03:02]} b6 {[%clk 0:02:50]} 10. Nf3 {[%clk 0:02:58]} Bb7
{[%clk 0:02:50]} 11. Ne5 {[%clk 0:02:55]} Nc6 {[%clk 0:02:46]} 12. f4
{[%clk 0:02:46]} Ne7 {[%clk 0:02:29]} 13. Qf3 {[%clk 0:02:20]} Nf5
{[%clk 0:02:06]} 14. Bxf5 {[%clk 0:01:53]} exf5 {[%clk 0:02:06]} 15. Bh4
{[%clk 0:01:53]} Be7 {[%clk 0:02:07]} 16. O-O {[%clk 0:01:41]} Rc8
{[%clk 0:02:06]} 17. Rc2 {[%clk 0:01:29]} Ne4 {[%clk 0:01:54]} 18. Bxe7
{[%clk 0:01:29]} Qxe7 {[%clk 0:01:55]} 19. Rfc1 {[%clk 0:01:26]} f6
{[%clk 0:01:44]} 20. Nd3 {[%clk 0:01:25]} Qe6 {[%clk 0:01:35]} 21. Nf2
{[%clk 0:01:07]} Nd6 {[%clk 0:01:31]} 22. Qe2 {[%clk 0:00:54]} Rfe8
{[%clk 0:01:17]} 23. Ncd1 {[%clk 0:00:52]} a5 {[%clk 0:00:57]} 24. Rxc8
{[%clk 0:00:49]} Rxc8 {[%clk 0:00:49]} 25. Rxc8+ {[%clk 0:00:46]} Qxc8
{[%clk 0:00:50]} 26. Qd2 {[%clk 0:00:43]} Qc4 {[%clk 0:00:42]} 27. b3
{[%clk 0:00:39]} Qc6 {[%clk 0:00:42]} 28. Qc3 {[%clk 0:00:26]} Qd7
{[%clk 0:00:43]} 29. h3 {[%clk 0:00:25]} h5 {[%clk 0:00:36]} 30. h4
{[%clk 0:00:20]} Ba6 {[%clk 0:00:34]} 31. Kh2 {[%clk 0:00:18]} Kh7
{[%clk 0:00:33]} 32. Qc2 {[%clk 0:00:19]} Bb7 {[%clk 0:00:13]} 33. Nh1
{[%clk 0:00:13]} Nf7 {[%clk 0:00:08]} 34. Ng3 {[%clk 0:00:12]} g6
{[%clk 0:00:09]} 35. Nf2 {[%clk 0:00:11]} Qe7 {[%clk 0:00:08]} 36. Qd2
{[%clk 0:00:10]} Ba6 {[%clk 0:00:09]} 37. Ne2 {[%clk 0:00:08]} Nh6
{[%clk 0:00:08]} 38. Nc3 {[%clk 0:00:08]} Qd6 {[%clk 0:00:06]} 39. Kg1
{[%clk 0:00:06]} Kg7 {[%clk 0:00:06]} 40. Qc1 {[%clk 0:00:06]} Nf7
{[%clk 0:00:06]} 41. Qd2 {[%clk 0:00:08]} Qc6 {[%clk 0:00:06]} 42. Qc1
{[%clk 0:00:08]} Nd6 {[%clk 0:00:06]} 43. Qd2 {[%clk 0:00:09]} b5
{[%clk 0:00:06]} 44. Ne2 {[%clk 0:00:07]} b4 {[%clk 0:00:07]} 45. Nc1
{[%clk 0:00:08]} Ne4 {[%clk 0:00:07]} 46. Nxe4 {[%clk 0:00:09]} fxe4
{[%clk 0:00:07]} 47. Kf2 {[%clk 0:00:08]} a4 {[%clk 0:00:05]} 48. bxa4
{[%clk 0:00:08]} Qxa4 {[%clk 0:00:06]} 49. Nb3 {[%clk 0:00:04]} Bc4
{[%clk 0:00:07]} 50. Nc5 {[%clk 0:00:05]} Qa3 {[%clk 0:00:07]} 51. g3
{[%clk 0:00:04]} Bxa2 {[%clk 0:00:06]} 52. Ne6+ {[%clk 0:00:03]} Kf7
{[%clk 0:00:08]} 53. Qc2 {[%clk 0:00:03]} Bc4 {[%clk 0:00:08]} 54. Nc5
{[%clk 0:00:03]} b3 {[%clk 0:00:09]} 55. Qc3 {[%clk 0:00:05]} Qa2+
{[%clk 0:00:09]} 56. Kg1 {[%clk 0:00:04]} b2 {[%clk 0:00:10]} 0-1

[Event "Team Championship (men blitz)"]
[Site "Sochi"]
[Date "2017.10.05"]
[Round "9.6"]
[White "Morozevich, Alexander"]
[Black "Rozum, Ivan"]
[Result "1-0"]
[LiveChessVersion "1.4.8"]
[BlackElo "2553"]
[WhiteElo "2642"]

1. g3 {[%clk 0:03:03]} c5 {[%clk 0:03:02]} 2. e4 {[%clk 0:03:01]} Nc6
{[%clk 0:03:02]} 3. Bg2 {[%clk 0:03:03]} g6 {[%clk 0:03:03]} 4. d3
{[%clk 0:03:04]} Bg7 {[%clk 0:03:04]} 5. f4 {[%clk 0:03:05]} d6 {[%clk 0:03:05]}
6. Nf3 {[%clk 0:03:05]} e5 {[%clk 0:03:04]} 7. O-O {[%clk 0:03:06]} Nge7
{[%clk 0:03:05]} 8. c3 {[%clk 0:03:04]} O-O {[%clk 0:03:02]} 9. Na3
{[%clk 0:02:50]} h6 {[%clk 0:02:57]} 10. f5 {[%clk 0:02:48]} gxf5
{[%clk 0:02:55]} 11. Nh4 {[%clk 0:02:50]} f4 {[%clk 0:02:19]} 12. gxf4
{[%clk 0:02:50]} Ng6 {[%clk 0:02:20]} 13. Nf5 {[%clk 0:02:51]} Bxf5
{[%clk 0:02:15]} 14. exf5 {[%clk 0:02:52]} Nxf4 {[%clk 0:02:13]} 15. Bxf4
{[%clk 0:02:52]} exf4 {[%clk 0:02:14]} 16. Rxf4 {[%clk 0:02:49]} Qf6
{[%clk 0:02:10]} 17. Nc4 {[%clk 0:01:59]} Rae8 {[%clk 0:02:11]} 18. Qh5
{[%clk 0:02:00]} Ne5 {[%clk 0:02:01]} 19. Ne3 {[%clk 0:01:56]} Nxd3
{[%clk 0:01:56]} 20. Nd5 {[%clk 0:01:58]} Qg5 {[%clk 0:01:37]} 21. Qxg5
{[%clk 0:01:55]} hxg5 {[%clk 0:01:38]} 22. Rg4 {[%clk 0:01:56]} f6
{[%clk 0:01:36]} 23. h4 {[%clk 0:01:39]} Ne5 {[%clk 0:01:31]} 24. Rg3
{[%clk 0:01:40]} gxh4 {[%clk 0:01:31]} 25. Rh3 {[%clk 0:01:41]} Kf7
{[%clk 0:01:28]} 26. Nc7 {[%clk 0:01:26]} Rc8 {[%clk 0:01:28]} 27. Ne6
{[%clk 0:01:24]} Rh8 {[%clk 0:01:14]} 28. Rd1 {[%clk 0:01:20]} Bf8
{[%clk 0:01:07]} 29. c4 {[%clk 0:00:59]} Ke7 {[%clk 0:01:03]} 30. Ra3
{[%clk 0:00:57]} Rg8 {[%clk 0:00:57]} 31. Kh1 {[%clk 0:00:56]} Nxc4
{[%clk 0:00:51]} 32. Rxa7 {[%clk 0:00:55]} Rxg2 {[%clk 0:00:17]} 33. Rxb7+
{[%clk 0:00:56]} Ke8 {[%clk 0:00:18]} 34. Re1 {[%clk 0:00:57]} Ne5
{[%clk 0:00:14]} 35. Kxg2 {[%clk 0:00:58]} Be7 {[%clk 0:00:15]} 36. Rh1
{[%clk 0:00:56]} Ra8 {[%clk 0:00:08]} 37. Rxh4 {[%clk 0:00:52]} Rxa2
{[%clk 0:00:05]} 38. Rh8+ {[%clk 0:00:50]} Kf7 {[%clk 0:00:06]} 39. Rh7+
{[%clk 0:00:52]} 1-0

[Event "Team Championship (men blitz)"]
[Site "Sochi"]
[Date "2017.10.05"]
[Round "9.7"]
[White "Moiseenko, Vadim"]
[Black "Savchenko, Boris"]
[Result "0-1"]
[LiveChessVersion "1.4.8"]
[BlackElo "2630"]
[WhiteElo "2497"]

1. d4 {[%clk 0:03:04]} Nf6 2. c4 g6 {[%clk 0:03:01]} 3. Nc3 {[%clk 0:03:05]} Bg7
{[%clk 0:03:02]} 4. Bg5 {[%clk 0:03:03]} c5 {[%clk 0:03:01]} 5. dxc5
{[%clk 0:03:01]} Na6 {[%clk 0:02:58]} 6. Nf3 {[%clk 0:02:45]} Nxc5
{[%clk 0:02:57]} 7. Be3 {[%clk 0:02:36]} Qa5 {[%clk 0:02:32]} 8. Bd4
{[%clk 0:02:27]} Ne6 {[%clk 0:02:30]} 9. Qd2 {[%clk 0:02:01]} Nxd4
{[%clk 0:02:11]} 10. Nxd4 {[%clk 0:02:02]} d6 {[%clk 0:02:06]} 11. e3
{[%clk 0:02:02]} O-O {[%clk 0:02:04]} 12. Be2 {[%clk 0:01:59]} a6
{[%clk 0:02:01]} 13. O-O {[%clk 0:01:58]} Rb8 {[%clk 0:02:01]} 14. Rfd1
{[%clk 0:01:57]} Bd7 {[%clk 0:02:02]} 15. Nd5 {[%clk 0:01:42]} Qd8
{[%clk 0:01:59]} 16. Nxf6+ {[%clk 0:01:37]} Bxf6 {[%clk 0:02:00]} 17. Rac1
{[%clk 0:01:37]} Qb6 {[%clk 0:01:53]} 18. b3 {[%clk 0:01:37]} a5 {[%clk 0:01:51]}
19. Rb1 {[%clk 0:01:13]} Rfc8 {[%clk 0:01:46]} 20. a4 {[%clk 0:01:11]} Rc5
{[%clk 0:01:44]} 21. Bf3 {[%clk 0:01:08]} Qd8 {[%clk 0:01:41]} 22. Ne2
{[%clk 0:01:05]} Bc6 {[%clk 0:01:41]} 23. Bxc6 {[%clk 0:00:45]} bxc6
{[%clk 0:01:42]} 24. Ng3 {[%clk 0:00:41]} Bg7 {[%clk 0:01:42]} 25. Ne4
{[%clk 0:00:42]} Re5 {[%clk 0:01:44]} 26. Qc2 {[%clk 0:00:43]} Qc8
{[%clk 0:01:35]} 27. Ng3 {[%clk 0:00:32]} Qg4 {[%clk 0:01:27]} 28. Rd4
{[%clk 0:00:28]} Qe6 {[%clk 0:01:27]} 29. Rd3 {[%clk 0:00:27]} Rg5
{[%clk 0:01:25]} 30. Rbd1 {[%clk 0:00:28]} h5 {[%clk 0:01:25]} 31. Ne2
{[%clk 0:00:28]} h4 {[%clk 0:01:25]} 32. Nf4 {[%clk 0:00:25]} Qe4
{[%clk 0:01:19]} 33. Qe2 {[%clk 0:00:21]} Be5 {[%clk 0:01:13]} 34. f3
{[%clk 0:00:21]} Qf5 {[%clk 0:01:13]} 35. Qf2 {[%clk 0:00:14]} h3
{[%clk 0:01:05]} 36. g4 {[%clk 0:00:11]} Bxf4 {[%clk 0:01:05]} 37. exf4
{[%clk 0:00:10]} Qxf4 {[%clk 0:01:06]} 38. Qg3 {[%clk 0:00:09]} Qxg3+
{[%clk 0:00:59]} 39. hxg3 {[%clk 0:00:11]} Re5 {[%clk 0:01:00]} 40. Kf2
{[%clk 0:00:07]} Kg7 {[%clk 0:01:01]} 41. f4 {[%clk 0:00:07]} Re4
{[%clk 0:01:01]} 42. Kf3 {[%clk 0:00:08]} f5 {[%clk 0:01:00]} 43. gxf5
{[%clk 0:00:07]} gxf5 {[%clk 0:01:01]} 44. Rh1 {[%clk 0:00:09]} Rh8
{[%clk 0:01:01]} 45. Rd2 {[%clk 0:00:10]} c5 {[%clk 0:00:59]} 46. g4
{[%clk 0:00:09]} Rh4 {[%clk 0:00:57]} 47. gxf5 {[%clk 0:00:06]} Rhxf4+
{[%clk 0:00:56]} 48. Kg3 {[%clk 0:00:07]} Rxf5 {[%clk 0:00:57]} 49. Rxh3
{[%clk 0:00:04]} Re3+ {[%clk 0:00:58]} 50. Kg4 {[%clk 0:00:06]} Rxh3
{[%clk 0:00:59]} 51. Kxf5 {[%clk 0:00:07]} Kf7 {[%clk 0:00:55]} 52. Rb2
{[%clk 0:00:07]} e6+ {[%clk 0:00:53]} 53. Ke4 {[%clk 0:00:08]} Ke7
{[%clk 0:00:53]} 54. Rb1 {[%clk 0:00:08]} Rc3 {[%clk 0:00:53]} 55. Rb2
{[%clk 0:00:09]} Kd7 {[%clk 0:00:54]} 56. Rb1 {[%clk 0:00:10]} Kc6
{[%clk 0:00:55]} 57. Rb2 {[%clk 0:00:11]} d5+ {[%clk 0:00:56]} 58. cxd5+
{[%clk 0:00:08]} exd5+ {[%clk 0:00:57]} 59. Kf4 {[%clk 0:00:08]} d4
{[%clk 0:00:58]} 60. Rb1 {[%clk 0:00:05]} Kd5 {[%clk 0:00:58]} 61. Rb2
{[%clk 0:00:07]} Re3 {[%clk 0:00:58]} 62. Rb1 {[%clk 0:00:08]} Re4+
{[%clk 0:00:58]} 63. Kf3 {[%clk 0:00:09]} d3 {[%clk 0:00:39]} 64. Rh1
{[%clk 0:00:06]} Kd4 {[%clk 0:00:38]} 65. Rh8 {[%clk 0:00:07]} Re3+
{[%clk 0:00:39]} 66. Kf2 {[%clk 0:00:08]} Re2+ {[%clk 0:00:40]} 67. Kf3
{[%clk 0:00:10]} Rb2 {[%clk 0:00:41]} 68. Rd8+ {[%clk 0:00:11]} Kc3 69. Ke3 Rxb3
{[%clk 0:00:41]} 70. Kd4+ 0-1

[Event "Team Championship (men blitz)"]
[Site "Sochi"]
[Date "2017.10.05"]
[Round "9.8"]
[White "Bocharov, Dmitry"]
[Black "Gogolev, Artem"]
[Result "1-0"]
[LiveChessVersion "1.4.8"]
[BlackElo "2330"]
[WhiteElo "2653"]

1. c4 {[%clk 0:03:03]} Nf6 {[%clk 0:03:02]} 2. Nf3 {[%clk 0:02:58]} e6
{[%clk 0:03:03]} 3. g3 {[%clk 0:02:58]} d5 {[%clk 0:03:04]} 4. Bg2
{[%clk 0:03:00]} Be7 {[%clk 0:03:04]} 5. O-O {[%clk 0:03:00]} O-O
{[%clk 0:03:04]} 6. b3 {[%clk 0:03:01]} dxc4 {[%clk 0:03:04]} 7. bxc4
{[%clk 0:03:01]} c5 {[%clk 0:03:05]} 8. Nc3 {[%clk 0:03:00]} Nc6 {[%clk 0:03:05]}
9. d3 {[%clk 0:02:57]} Rb8 {[%clk 0:02:26]} 10. Qa4 {[%clk 0:02:48]} a6
{[%clk 0:02:12]} 11. Rb1 {[%clk 0:02:45]} Bd7 {[%clk 0:01:54]} 12. Bf4
{[%clk 0:02:44]} e5 {[%clk 0:01:54]} 13. Bg5 {[%clk 0:02:45]} b5 {[%clk 0:01:27]}
14. cxb5 {[%clk 0:02:39]} axb5 {[%clk 0:01:24]} 15. Rxb5 {[%clk 0:02:25]} Ra8
{[%clk 0:00:55]} 16. Qd1 {[%clk 0:02:20]} Nd4 {[%clk 0:00:53]} 17. Rb2
{[%clk 0:02:15]} Ra3 {[%clk 0:00:49]} 18. Bxf6 {[%clk 0:02:03]} Bxf6
{[%clk 0:00:50]} 19. Ne4 {[%clk 0:01:50]} Bc6 {[%clk 0:00:47]} 20. Nfd2
{[%clk 0:01:46]} Bxe4 {[%clk 0:00:43]} 21. Bxe4 {[%clk 0:01:43]} Qd7
{[%clk 0:00:22]} 22. Nc4 {[%clk 0:01:40]} Ra6 {[%clk 0:00:20]} 23. e3
{[%clk 0:01:31]} Nc6 {[%clk 0:00:19]} 24. a3 {[%clk 0:01:31]} Be7
{[%clk 0:00:16]} 25. Qf3 {[%clk 0:01:24]} f6 {[%clk 0:00:06]} 26. Rfb1
{[%clk 0:01:23]} Na5 {[%clk 0:00:05]} 27. Nxa5 {[%clk 0:01:11]} Rxa5
{[%clk 0:00:05]} 28. Rb7 {[%clk 0:01:12]} Qd8 {[%clk 0:00:04]} 29. Qf5
{[%clk 0:01:12]} g6 {[%clk 0:00:04]} 30. Qe6+ {[%clk 0:01:13]} 1-0

[Event "Team Championship (men blitz)"]
[Site "Sochi"]
[Date "2017.10.05"]
[Round "9.9"]
[White "Alekseenko, Kirill"]
[Black "Fedoseev, Vladimir"]
[Result "1-0"]
[LiveChessVersion "1.4.8"]
[BlackElo "2656"]
[WhiteElo "2586"]

1. e4 {[%clk 0:03:03]} c6 {[%clk 0:03:03]} 2. d4 d5 3. e5 {[%clk 0:03:02]} Bf5
{[%clk 0:03:05]} 4. Nf3 {[%clk 0:03:03]} e6 {[%clk 0:03:07]} 5. Be2
{[%clk 0:03:04]} Ne7 {[%clk 0:03:08]} 6. O-O {[%clk 0:03:04]} c5 {[%clk 0:03:10]}
7. c3 {[%clk 0:03:02]} Nec6 {[%clk 0:03:11]} 8. Be3 {[%clk 0:02:50]} cxd4
{[%clk 0:03:10]} 9. Nxd4 {[%clk 0:02:25]} Nxd4 {[%clk 0:03:11]} 10. cxd4
{[%clk 0:02:24]} Nc6 {[%clk 0:03:09]} 11. Nc3 {[%clk 0:02:25]} Be7
{[%clk 0:03:10]} 12. f4 {[%clk 0:02:23]} g5 {[%clk 0:02:43]} 13. Bd3
{[%clk 0:01:50]} gxf4 {[%clk 0:02:41]} 14. Bxf4 {[%clk 0:01:51]} Bg6
{[%clk 0:01:58]} 15. Be3 {[%clk 0:01:45]} Qb6 {[%clk 0:01:58]} 16. Bxg6
{[%clk 0:01:34]} hxg6 {[%clk 0:01:59]} 17. Qf3 {[%clk 0:01:35]} Rh7
{[%clk 0:01:56]} 18. Qf2 {[%clk 0:01:22]} Kd7 {[%clk 0:01:53]} 19. Rac1
{[%clk 0:01:18]} Rah8 {[%clk 0:01:52]} 20. h3 {[%clk 0:01:18]} g5
{[%clk 0:01:41]} 21. Qe2 {[%clk 0:00:57]} Rg8 {[%clk 0:00:43]} 22. Na4
{[%clk 0:00:40]} Qb4 {[%clk 0:00:44]} 23. Nc5+ {[%clk 0:00:36]} Bxc5
{[%clk 0:00:43]} 24. Rxc5 {[%clk 0:00:31]} Qb6 {[%clk 0:00:13]} 25. Qd3
{[%clk 0:00:31]} Rhg7 {[%clk 0:00:12]} 26. Rb5 {[%clk 0:00:32]} Qc7
{[%clk 0:00:13]} 27. Rc1 {[%clk 0:00:30]} a6 {[%clk 0:00:10]} 28. Rbc5
{[%clk 0:00:31]} Qb6 {[%clk 0:00:11]} 29. Qa3 {[%clk 0:00:29]} Ke8
{[%clk 0:00:10]} 30. R5c3 {[%clk 0:00:27]} f5 {[%clk 0:00:07]} 31. exf6 Rd7 32.
Rb3 {[%clk 0:00:22]} Qd8 {[%clk 0:00:09]} 33. Rxb7 {[%clk 0:00:21]} Rxb7
{[%clk 0:00:10]} 34. Rxc6 {[%clk 0:00:22]} Kf7 {[%clk 0:00:10]} 35. Qxa6
{[%clk 0:00:21]} Qa8 {[%clk 0:00:06]} 36. Qd3 {[%clk 0:00:22]} Rg6
{[%clk 0:00:04]} 37. Bxg5 {[%clk 0:00:21]} Qxa2 {[%clk 0:00:05]} 38. Qg3
{[%clk 0:00:14]} Qb1+ {[%clk 0:00:05]} 39. Kh2 {[%clk 0:00:16]} Qxb2
{[%clk 0:00:03]} 40. Rc7+ {[%clk 0:00:17]} Kf8 {[%clk 0:00:04]} 41. Qd6+
{[%clk 0:00:18]} Rg8 1-0

[Event "Team Championship (men blitz)"]
[Site "Sochi"]
[Date "2017.10.05"]
[Round "9.10"]
[White "Sjugirov, Sanan"]
[Black "Alekseev, Evgeny"]
[Result "1-0"]
[LiveChessVersion "1.4.8"]
[BlackElo "2636"]
[WhiteElo "2637"]

1. d4 {[%clk 0:03:02]} e6 {[%clk 0:03:04]} 2. Nf3 {[%clk 0:03:00]} c5
{[%clk 0:03:04]} 3. g3 {[%clk 0:02:57]} cxd4 {[%clk 0:03:03]} 4. Nxd4
{[%clk 0:02:58]} Nf6 {[%clk 0:03:01]} 5. Bg2 {[%clk 0:02:58]} a6 {[%clk 0:02:59]}
6. O-O Qc7 7. e4 {[%clk 0:02:49]} d6 {[%clk 0:02:54]} 8. Nc3 {[%clk 0:02:45]} Be7
{[%clk 0:02:54]} 9. h3 {[%clk 0:02:37]} Nc6 {[%clk 0:02:51]} 10. Nde2
{[%clk 0:02:36]} b5 {[%clk 0:02:46]} 11. a3 {[%clk 0:02:36]} O-O {[%clk 0:02:45]}
12. g4 {[%clk 0:02:38]} Nd7 {[%clk 0:02:38]} 13. g5 {[%clk 0:02:35]} Re8
{[%clk 0:02:35]} 14. Ng3 {[%clk 0:02:32]} Bf8 {[%clk 0:02:31]} 15. h4
{[%clk 0:02:31]} Bb7 {[%clk 0:02:28]} 16. h5 {[%clk 0:02:31]} g6 {[%clk 0:02:29]}
17. f4 {[%clk 0:02:19]} Na5 {[%clk 0:02:24]} 18. Kh2 {[%clk 0:02:13]} Bg7
{[%clk 0:02:14]} 19. Nce2 {[%clk 0:01:43]} Nc4 {[%clk 0:01:38]} 20. Rb1
{[%clk 0:01:43]} Nc5 {[%clk 0:01:28]} 21. b3 {[%clk 0:01:41]} Nb6
{[%clk 0:01:29]} 22. Bb2 {[%clk 0:01:36]} e5 {[%clk 0:01:25]} 23. f5
{[%clk 0:01:34]} d5 {[%clk 0:01:26]} 24. h6 {[%clk 0:01:27]} Bf8 {[%clk 0:01:22]}
25. exd5 {[%clk 0:01:22]} Rad8 {[%clk 0:01:18]} 26. fxg6 {[%clk 0:01:17]} hxg6
{[%clk 0:01:15]} 27. Nc3 {[%clk 0:00:58]} Kh7 {[%clk 0:00:13]} 28. Qf3
{[%clk 0:00:53]} Rd7 {[%clk 0:00:14]} 29. Nge4 {[%clk 0:00:35]} Nxe4
{[%clk 0:00:14]} 30. Nxe4 {[%clk 0:00:36]} Nxd5 {[%clk 0:00:15]} 31. Rbd1
{[%clk 0:00:38]} Re6 {[%clk 0:00:13]} 32. Qg3 {[%clk 0:00:24]} Nf4
{[%clk 0:00:12]} 33. Rxd7 {[%clk 0:00:22]} Qxd7 {[%clk 0:00:14]} 34. Rxf4
{[%clk 0:00:16]} exf4 {[%clk 0:00:14]} 35. Qc3 {[%clk 0:00:17]} f6
{[%clk 0:00:06]} 36. Nxf6+ {[%clk 0:00:18]} Rxf6 37. Qxf6 {[%clk 0:00:20]} 1-0

[Event "Team Championship (men blitz)"]
[Site "Sochi"]
[Date "2017.10.05"]
[Round "9.11"]
[White "Levin, Evgeny A."]
[Black "Predke, Alexandr"]
[Result "1-0"]
[LiveChessVersion "1.4.8"]
[BlackElo "2528"]
[WhiteElo "2546"]

1. d4 {[%clk 0:03:03]} Nf6 {[%clk 0:03:03]} 2. Nf3 {[%clk 0:03:04]} e6
{[%clk 0:03:00]} 3. Bg5 {[%clk 0:03:05]} h6 {[%clk 0:02:57]} 4. Bh4
{[%clk 0:03:05]} b6 {[%clk 0:02:48]} 5. e3 {[%clk 0:02:58]} c5 {[%clk 0:02:45]}
6. c3 {[%clk 0:02:57]} cxd4 {[%clk 0:02:42]} 7. cxd4 {[%clk 0:02:57]} Bb7
{[%clk 0:02:35]} 8. Nc3 {[%clk 0:02:50]} Be7 {[%clk 0:02:36]} 9. Bd3
{[%clk 0:02:47]} O-O {[%clk 0:02:27]} 10. O-O {[%clk 0:02:47]} d5
{[%clk 0:02:15]} 11. Ne5 {[%clk 0:02:39]} Nfd7 {[%clk 0:02:09]} 12. Bxe7
{[%clk 0:02:36]} Qxe7 {[%clk 0:02:10]} 13. f4 {[%clk 0:02:24]} Ba6
{[%clk 0:02:02]} 14. Bxa6 {[%clk 0:02:17]} Nxa6 {[%clk 0:02:03]} 15. Qa4
{[%clk 0:02:18]} Nxe5 {[%clk 0:01:36]} 16. fxe5 {[%clk 0:02:18]} Nc7
{[%clk 0:01:36]} 17. Rac1 {[%clk 0:01:58]} Rfc8 {[%clk 0:01:26]} 18. Rc2
{[%clk 0:01:22]} Ne8 {[%clk 0:01:14]} 19. Rcf2 {[%clk 0:01:14]} f5
{[%clk 0:01:15]} 20. exf6 {[%clk 0:00:56]} Nxf6 {[%clk 0:01:12]} 21. h3
{[%clk 0:00:52]} a6 {[%clk 0:01:08]} 22. Qd1 {[%clk 0:00:45]} b5 {[%clk 0:01:08]}
23. a3 {[%clk 0:00:46]} Rf8 {[%clk 0:01:01]} 24. Qd3 {[%clk 0:00:45]} Qb7
{[%clk 0:00:35]} 25. Qg6 {[%clk 0:00:44]} Qf7 {[%clk 0:00:31]} 26. Rxf6
{[%clk 0:00:37]} Qxf6 {[%clk 0:00:30]} 27. Rxf6 {[%clk 0:00:38]} Rxf6
{[%clk 0:00:32]} 28. Qg3 {[%clk 0:00:39]} Raf8 {[%clk 0:00:32]} 29. Qe5
{[%clk 0:00:35]} Rf1+ {[%clk 0:00:31]} 30. Kh2 {[%clk 0:00:37]} R8f6
{[%clk 0:00:32]} 31. Ne2 {[%clk 0:00:34]} R1f5 {[%clk 0:00:16]} 32. Qb8+
{[%clk 0:00:34]} Kh7 {[%clk 0:00:17]} 33. Nf4 {[%clk 0:00:33]} g5
{[%clk 0:00:18]} 34. Nh5 {[%clk 0:00:31]} Rf7 {[%clk 0:00:17]} 35. Qd6
{[%clk 0:00:32]} Rf2 {[%clk 0:00:06]} 36. Qxe6 {[%clk 0:00:31]} Rc7
{[%clk 0:00:06]} 37. Nf6+ {[%clk 0:00:31]} 1-0